| 000 | 00570nam a2200169 a 4500 | ||
|---|---|---|---|
| 008 | 120416s1976 ||||||||||||||||| || u | ||
| 050 | _aKD 109 Smi | ||
| 100 | _aSmith, H | ||
| 245 | 1 | 0 | _aCompany law in essence, for accountancy students |
| 250 | _a4th rev. e | ||
| 260 |
_aSouthampton _bWorthy Publications _c1976 |
||
| 300 | _a67p. | ||
| 350 | _a0.00 | ||
| 650 | _aACCOUNTANTS--LAW AND LEGISLATION | ||
| 650 | _aLAW | ||
| 995 |
_D0.00 _FCBU-MAIN LIBRARY (Kitwe) _H1 _I5.00 _M1 _UDAMAGED _ZMain Library Open Access Collection |
||
| 999 |
_c37982 _d37982 |
||